000 00333nam a2200133Ia 4500
008 240624s9999 xx 000 0 und d
041 _aeng
082 _a519.5 EDW
100 _aEDWARDS WARD
245 _aMULTIATTRIBUTE EVALUATION
260 _c1982
_aNew Delhi
_bSage Publications
300 _a96 : p. : cm. ; 21
365 _cBPS
_b30
999 _c8543
_d8543